000 01868nam a2200337 i 4500
001 991061720862506706
003 ES-BaIT
005 20260226120720.0
008 250324e202502 fr r 000 1 fre d
020 _a9782749816807
040 _aES-BaIT
_bcat
_erda
_cES-BaIT
080 _a840-2"19"
100 1 _aBeauquier, Antoine
_eautor
_9168722
245 1 3 _aLe Journal /
_cAntoine Beauquier
264 1 _aParis :
_bL'avant-scène théâtre :
_bCent mille milliards,
_cfévrier 2025
300 _a78 pàgines ;
_c21 cm
336 _atext
_btxt
_2rdacontent
337 _asense mediació
_bn
_2rdamedia
338 _avolum
_bnc
_2rdacarrier
490 1 _aL'Avant-scène théâtre ;
_vno 1569
500 _aP5: D2, H3 i altres
500 _aPublicat com no 1569 (février 2025) de la revista L'Avant-scène théâtre
500 _aEstrena Théâtre de Paris, el 22 de gener de 2025
520 _a"Edmond, le directeur d'un journal d'investigation, s'apprête à publier des révélations sur Jacques Flamm, un jeune ministre ambitieux. Alors qu'il va rendre publiques des informations qu'il détient, il apprend que sa fille Apolline vient d'être arrêté pour trafic de drogue à Jakarta. Seul Jacques Flamm semble être en mesure de l'arracher aux griffes du système judiciaire indonésien. Doit-il renoncer à la publication de l'article? Rique-t-il de mettre en péril le soutien qu'il attend de l'État français pour la rapatrier? À travers cette pièce drôle et noire et aux dialogues incisifs, l'auteur explore les liens tendus entra les mondes de la politique et de la presse aujourd'hui."-- Contracoberta
650 0 _aDrogues
_xTràfic
_vTextos dramàtics
_9168723
650 0 _aPremsa i política
_vTextos dramàtics
_9168724
830 _aAvant-scène.
_pThéâtre
_vno 1569
_9168170
908 _aCDMAE
940 _aCDMAE
942 _2udc
_c1
999 _c137156
_d137156